000 01614nam a2200433 i 4500
001 ELB67446
003 FlNmELB
006 m o d |
007 cr cnu||||||||
008 160810s2015 sp o 000 0 spa d
020 _z9789560102270
020 _a9781512930955 (e book)
035 _a(MiAaPQ)EBC4570588
035 _a(Au-PeEL)EBL4570588
035 _a(CaPaEBR)ebr11231527
035 _a(OCoLC)984806259
040 _aFINmELB
_bspa
_erda
_cFINmELB
050 4 _aTN9
_bS584 2015
080 _a622(038)
082 0 _a622.03951
_223
100 1 _aSillano, María Isabel.
245 1 0 _aDiccionario de minería inglés-español /
_cMaría Isabel Sillano, Jorge Pérez Rojas.
250 _a2a. edición.
264 1 _aSantiago de Chile :
_bRIL editores,
_c2015.
300 _a1 recurso en línea (448 páginas)
336 _atexto
_btxt
_2rdacontent/spa
337 _acomputadora
_bc
_2rdamedia/spa
338 _arecurso en línea
_bcr
_2rdacarrier/spa
588 _aDescripción basada en recurso en línea; Título de la página del título en PDF (e-libro, visto August 10, 2016).
590 _aRecurso electronico. Santa Fe, Arg. : e-libro, 2016. Disponible via World Wide Web. El acceso puede ser limitado para las bibliotecas afiliadas a e-libro.
650 0 _aMineral industries
_vDictionaries.
650 0 _aMines and mineral resources
_vDictionaries.
650 4 _aMinería.
650 4 _aDiccionario.
655 4 _aLibros electrónicos.
700 1 _aPérez Rojas, Jorge,
_eautor.
797 2 _ae-libro, Corp.
856 4 0 _uhttps://elibro.net/ereader/usam/67446
999 _c153857
_d153857